| 000 | 00596cam a22002291 4500 | ||
|---|---|---|---|
| 001 | sa 68007149 | ||
| 003 | DLC | ||
| 005 | 20260227112520.0 | ||
| 008 | 881102s1966 ii c 000 1 hino | ||
| 010 | _asa 68007149 | ||
| 035 | _a(OCoLC)23551619 | ||
| 040 |
_aDLC _cMiU _dNRU _dDLC |
||
| 042 | _apremarc | ||
| 050 | 0 | 0 |
_aPK2098.A9 _bZ2 |
| 100 | 1 |
_aAzad, Pratap Chandra, _d1915- |
|
| 245 | 1 | 0 | _aZamīna ke sitāre. |
| 250 | _a[1. saṃskaraṇa] | ||
| 260 |
_aBarelī, _bSvarājya Prakāśana _c[1966] |
||
| 300 |
_a183 p. _bport. _c19 cm. |
||
| 500 | _aIn Hindi. | ||
| 500 | _aShort stories. | ||
| 999 |
_c81663 _d81663 |
||